000 00349nam a22001457a 4500
003 OSt
005 20220127161613.0
008 220127b |||||||| |||| 00| 0 eng d
020 _a007099482-X
040 _cH U
082 _22ed
_a621.38
100 _aNew York
_928961
245 _aA Programmed Course In Basic Electronics
942 _2ddc
_cBOOKS
_n0
999 _c28267
_d28267